000 00362nam a2200145Ia 4500
100 _aPaul/ Mark C
490 _v37
942 _cBK
654 _aCOMPUTER
245 _aCapability Maturity Model : Guidelines for improving the Software Process
260 _bAddison Wesly
_aNew Delhi
_c1995
082 _a5.10685
_bPAY
546 _aENGLISH
999 _c33071
_d33071